000 00744cam a22002413a 4500
001 14243
003 PGUSA
005 20140828083315.0
008 041203s2004||||xxu|||||s|||||000 | eng d
040 _aPGUSA
_beng
042 _adc
050 4 _aF590.3
100 1 _aAbbott, John S. C.
_q(John Stevens Cabot),
_d1805-1877
245 1 0 _aChristopher Carson, Familiarly Known as Kit Carson
_h[electronic resource] /
_cJohn S. C. Abbott
260 _bProject Gutenberg,
_c2004
506 _aPublic domain in the USA.
516 _aElectronic text
653 _aCarson Kit, 1809-1868
700 1 _aGreatorex, Elizabeth Eleanor,
_d1854-
830 0 _aProject Gutenberg
_v14243
856 4 0 _uhttp://www.gutenberg.org/ebooks/14243
942 _cEB
999 _c243498
_d243498